000 01586nam a2200361 c 4500
003 BLK
005 20211117164745.0
008 180409b bul|||||r ||||||| ||bul||
010 _aKNG00109767000
020 _a954-8945-61-4
_bиздат.: Изток-Запад
040 _aBLK
041 _aDEU
_cDEU
080 _aНемски език (високонемски, стандартен писмен)
_b811.112.2
_x-5
_z811.112.2-5
100 1 _aТеодоров, Евгений Константинов
_eпърви автор
_9281770
700 1 _aБеслимова-Чакърова, Й.
_eпрераб.
_938757
139 _aТеодоров, Евгений Константинов
_bТ 49
245 1 0 _aГраматика на немския език
_bС новия правопис
_cЕвгений Константинов Теодоров; прераб. Й. Беслимова-Чакърова.
257 _aBGR
260 София
_bИзток-Запад
_c2003
300 _a396 с.
_bс табл.
_c22 см
380 _a80
500 _aОфс. изд. - Съдържа и Основна форма на неправилните глаголи. - Библиогр. с. 393-395.
504 _a393-395
650 4 _aНемски език - граматика - учебни помагала
_9247362
653 _aнемски език
653 _aграматика
653 _aучебни помагала
852 _aЦб 217236
856 4 _qpdf
_u
856 4 _qpdf
_u
942 _cKNG
_n0
_06
944 _aCR
_c17.12.2003
_kТеодора_Стоянова
944 _aED
_c26.03.2014
_k
999 _c104657
_d104657